Guess The Brand Logo#3 - Statistics

General Stats
  • This quiz has been taken 233 times
  • The average score is 9 of 20
Answer Stats
Picture Answer % Correct
IKEA
95%
Coca-Cola
93%
Toyota
89%
LEGO
83%
Mastercard
64%
Rolex
52%
CBS
51%
CVS
48%
Walgreens
48%
Nerf
41%
Hallmark
38%
Adobe
36%
Umbro
34%
Linkedin
30%
Nintendo
26%
Disney+
22%
Skoda
11%
General Electric
10%
Kmart
4%
Sears
4%
No matching quizzes found
Score Distribution
Percent of People with Each Score
Percentile by Number Answered
Your Score History
You have not taken this quiz